Best-Selling Game Consoles Ever - Statistics

General Stats
  • This quiz has been taken 23 times
  • The average score is 14 of 20
Answer Stats
Hint Answer % Correct
#4 PlayStation
100%
#1 PlayStation 2
94%
#8 PlayStation 3
94%
#6 PlayStation 4
94%
#19 Xbox
88%
#2 Nintendo DS
81%
#7 Xbox 360
81%
#18 Atari 2600
75%
#3 Game Boy, Game Boy Color
75%
#12 NES
75%
#13 SNES
75%
#5 Wii
75%
#14 Xbox One
75%
#20 GameCube
69%
#16 Nintendo Switch
63%
#15 Nintendo 64
56%
#11 Nintendo 3DS
50%
#17 Sega Genesis
50%
#10 Game Boy Advance
44%
#9 PlayStation Portable
31%
No matching quizzes found
Score Distribution
Percent of People with Each Score
Percentile by Number Answered
Your Score History
You have not taken this quiz